Fiction by Major Characters Click Quiz - C - Statistics

General Stats
  • This quiz has been taken 179 times
  • The average score is 20 of 29
Answer Stats
Hint Answer % Correct
Cheshire Cat Alice in Wonderland
96%
Chewbacca Star Wars
96%
Cruella de Vil 101 Dalmatians
95%
Catwoman Batman
93%
Charlie Brown Peanuts
90%
Christopher Robin Winnie the Pooh
89%
Cookie Monster Sesame Street
88%
Chandler Bing Friends
86%
Prince Caspian The Chronicles of Narnia
80%
Charles Foster Kane Citizen Kane
75%
Charlie Bucket Willy Wonka & the Chocolate Factory
75%
Charles Xavier X-Men
74%
Carrie Bradshaw Sex and the City
72%
Cindy Lou Who The Grinch
72%
Chucky Child’s Play
71%
Clarice Starling Silence of the Lambs
70%
Charizard Pokémon
65%
Cosmo Kramer Seinfeld
65%
Claudius Hamlet
64%
Cersei Lannister Game of Thrones
61%
Carlisle Cullen Twilight
55%
Cthulhu The Dunwich Horror
48%
Curly Howard Three Stooges
48%
Cady Heron Mean Girls
47%
Carl Fredricksen Up
45%
Charles Boyle Brooklyn Nine-Nine
42%
Carl Grimes The Walking Dead
41%
Casey Jones Teenage Mutant Ninja Turtles
32%
Cathy Ames East of Eden
20%
No matching quizzes found
Score Distribution
Percent of People with Each Score
Percentile by Number Answered
Your Score History
You have not taken this quiz